Phoenix Suns: Retired Numbers - Statistics

General Stats
  • This quiz has been taken 123 times
    32 since last reset
  • The average score is 5 of 17
Answer Stats
Number Player % Correct
13 Steve Nash
100%
32 Amar'e Stoudemire
78%
34 Charles Barkley
65%
7 Kevin Johnson
57%
31 Shawn Marion
43%
33 Alvan Adams
30%
9 Dan Majerle
30%
44 Paul Westphal
30%
6 Walter Davis
30%
5 Dick Van Arsdale
26%
24 Tom Chambers
26%
42 Connie Hawkins
13%
832 Cotton Fitzsimmons
4%
JC Jerry Colangelo
4%
AM Al McCoy
0%
JP Joe Proski
0%
JM John MacLeod
0%
No matching quizzes found
Score Distribution
Percent of People with Each Score
Percentile by Number Answered
Your Score History
You have not taken this quiz since the last reset